| 000 | 00991cab a22002295a 4500 | ||
|---|---|---|---|
| 001 | L150042 | ||
| 008 | 100525e20100515xxk f s 000 0 eng d | ||
| 035 | _a(Sirsi) u150042 | ||
| 041 | 0 | _aeng | |
| 110 | 2 | _aArchitects' Journal | |
| 245 | 0 | 0 |
_aAJ100 _bBritain's biggest practices, ranked by number of qualified architects working in the UK between January and December 2009 |
| 260 | _c2010 | ||
| 490 |
_aArchitects' Journal _v18 (231) 20May 2010, 2497(49) |
||
| 520 | _aDefinitive list of Britain's 100 biggest architecture practices; tables; awards; interviews; analysis; recession beating tactics; location of overseas work by UK practices; average salaries; technology; UK regions; sustainability; architects' opinions | ||
| 590 | _aKA | ||
| 651 | 4 |
_aUnited Kingdom _y |
|
| 690 | _aMANAGEMENT-BUSINESS MANAGEMENT-PROFESSIONAL PRACTICE | ||
| 690 | _aBUILT ENVIRONMENT-CONSTRUCTION DESIGN-ARCHITECTURAL DESIGN | ||
| 700 | 1 | _aTether, Bruce | |
| 700 | 1 | _aSlavid, Ruth | |
| 942 | _n0 | ||
| 999 |
_c82365 _d82365 |
||